Carnavales y fiestas de locos
Uloženo v:
| Hlavní autor: | |
|---|---|
| Médium: | Kniha |
| Jazyk: | španělština |
| Vydáno: |
Barcelona
Península
1988
|
| Edice: | Historia, Ciencia, Sociedad, 209
|
| Témata: | |
| Tagy: |
Přidat tag
Žádné tagy, Buďte první, kdo vytvoří štítek k tomuto záznamu!
|
MARC
| LEADER | 00000nam a2200000 a 4500 | ||
|---|---|---|---|
| 001 | UCY6826 | ||
| 003 | CL-VaPUC | ||
| 008 | 950602e19880000SP |||||||||||||||||spa|d | ||
| 082 | 0 | 4 | |a 940.21 |b HEE |2 21 |
| 100 | |a Heers, Jacques |e author |9 483986 | ||
| 245 | 1 | 0 | |a Carnavales y fiestas de locos |
| 300 | |a 267 p | ||
| 942 | |c BK | ||
| 945 | |d 19950602 00:00:00 |a rbrito | ||
| 260 | |a Barcelona |b Península |c 1988 | ||
| 650 | 0 | |a Renacimiento |9 255107 | |
| 650 | 7 | |a HISTORIA SIGLO 16 |2 CL-VaPUC |9 266637 | |
| 650 | 0 | |a Costumbres y tradiciones |9 268292 | |
| 651 | 0 | |a Italia |9 254949 | |
| 583 | |a last modification |c 20160817 04:13:30 |k Rodrigo Vera | ||
| 490 | 0 | |a Historia, Ciencia, Sociedad, 209 | |
| 999 | |c 234324 |d 234322 | ||
| 952 | |0 0 |1 0 |4 0 |6 940_210000000000000_HEE_1988 |7 0 |8 A |9 240481 |a BIBHIS |b BIBHIS |d 2019-11-18 |i 3089274 |l 6 |m 5 |o 940.21 HEE 1988 |p 3089274 |r 2025-01-20 |s 2022-10-19 |w 2019-11-18 |y BK |k HIS | ||